Management workstations : strategies for office productivity /

Bibliographic Details
Main Author: Perry, William E.
Format: Book
Language:English
Published: Blue Ridge Summit, PA : TAB Professional and Reference Books, [1987]
Edition:1st ed.
Subjects:

MARC

Tag First Indicator Second Indicator Subfields
LEADER 00000cam a2200000 a 4500
001 in00000011789
005 20151007051708.0
008 870128s1987 paua 00110 eng
010 |a  87001903  
020 |a 0830628339 :  |c $21.95 
035 |a (OCoLC)15198079 
035 |9 AAA4335AM 
040 |a DLC  |c DLC  |d TXA  |d UtOrBLW 
049 |a TXAM  |c [A12644809] 
050 0 0 |a HD30.2  |b .P47 1987 
082 0 |a 658/.05  |2 19 
100 1 |a Perry, William E. 
245 1 0 |a Management workstations :  |b strategies for office productivity /  |c William E. Perry. 
250 |a 1st ed. 
264 1 |a Blue Ridge Summit, PA :  |b TAB Professional and Reference Books,  |c [1987] 
264 4 |c ©1987 
300 |a vi, 186 pages :  |b illustrations ;  |c 24 cm. 
336 |a text  |b txt  |2 rdacontent 
337 |a unmediated  |b n  |2 rdamedia 
338 |a volume  |b nc  |2 rdacarrier 
500 |a Includes index. 
650 0 |a Management  |x Data processing. 
650 0 |a Business  |x Data processing. 
999 |a MARS 
999 f f |s 059bb243-2371-3f16-99f4-2f17f179bcf8  |i 025859cd-563f-3c64-991e-95b54db4f7d8  |t 0 
952 f f |p ric  |a Texas A&M University  |b Rellis Campus  |c Joint Library Facility  |s JLF  |d Remote Storage  |t 0  |e HD30.2 .P47 1987  |h Library of Congress classification  |i unmediated -- volume  |m A14812644809 
998 f f |a HD30.2 .P47 1987  |t 0  |l Remote Storage